000
00220nam a2200097Ia 4500
008
190216s9999||||xx |||||||||||||| ||und||
100
_a
Kesavadev P
245
0
_a
Thiranjedutha Kathakal No-2
260
_b
Null
942
_c
BK
999
_c
24317
_d
24317